Abnormal psychology (Record no. 1908)

000 -LEADER
fixed length control field 00768nam a22002297a 4500
003 - CONTROL NUMBER IDENTIFIER
control field OSt
005 - DATE AND TIME OF LATEST TRANSACTION
control field 20210702061903.0
008 - FIXED-LENGTH DATA ELEMENTS--GENERAL INFORMATION
fixed length control field 210702b ||||| |||| 00| 0 eng d
020 ## - INTERNATIONAL STANDARD BOOK NUMBER
International Standard Book Number 9780176441517
040 ## - CATALOGING SOURCE
Transcribing agency ALUPE UNIVERSITY
050 ## - LIBRARY OF CONGRESS CALL NUMBER
Classification number RC 454
Item number .B345 2009
100 ## - MAIN ENTRY--PERSONAL NAME
Personal name Barlow, David H
245 ## - TITLE STATEMENT
Title Abnormal psychology
Remainder of title an integrative approach
250 ## - EDITION STATEMENT
Edition statement : Second Canadian Edition
260 ## - PUBLICATION, DISTRIBUTION, ETC.
Place of publication, distribution, etc. Australia ; United States :
Name of publisher, distributor, etc. Wadsworth Cengage Learning,
Date of publication, distribution, etc. c2009
300 ## - PHYSICAL DESCRIPTION
Extent xxiv,
Other physical details (various pagings)
Dimensions : col
Accompanying material . ill.
Type of unit + 1 CD-ROM (4 3/4 in.)
Size of unit ; 29 cm.
500 ## - GENERAL NOTE
General note includes indexes
504 ## - BIBLIOGRAPHY, ETC. NOTE
Bibliography, etc. note includes bibliographic details
650 ## - SUBJECT ADDED ENTRY--TOPICAL TERM
Topical term or geographic name entry element Psychology, Pathological | Mental illness
700 ## - ADDED ENTRY--PERSONAL NAME
Personal name Durand, Vincent Mark
942 ## - ADDED ENTRY ELEMENTS (KOHA)
Source of classification or shelving scheme
Koha item type Book
Suppress in OPAC DO
Holdings
Withdrawn status Lost status Source of classification or shelving scheme Damaged status Not for loan Permanent Location Current Location Shelving location Date acquired Total Checkouts Full call number Barcode Date last seen Copy number Price effective from Koha item type Public note
          AU LIBRARY AU LIBRARY Open Shelf 02.07.2021   RC 454 .B345 2009 C1 28004009 02.07.2021 1 02.07.2021 Book DO
          AU LIBRARY AU LIBRARY Open Shelf 02.07.2021   RC 454 .B345 2009 C2 28004010 02.07.2021 2 02.07.2021 Book DO

Powered by Koha